Homeland, (Record no. 6523)

MARC details
005 - DATE AND TIME OF LATEST TRANSACTION
control field 20250702070127.0
020 ## - INTERNATIONAL STANDARD BOOK NUMBER
International Standard Book Number 978-1509858026
082 ## - DEWEY DECIMAL CLASSIFICATION NUMBER
Classification number 658 ARA
100 ## - MAIN ENTRY--PERSONAL NAME
Author name ARAMBURU,F.
245 ## - TITLE STATEMENT
Title Homeland,
260 ## - PUBLICATION, DISTRIBUTION, ETC.
Place of publication, distribution, etc. Paris,
Name of publisher, distributor, etc. Hatier,
Date of publication, distribution, etc. 2006.
300 ## - PHYSICAL DESCRIPTION
Extent vii; 592p:
Other physical details Glossary ,
Dimensions 24cm.
942 ## - ADDED ENTRY ELEMENTS (KOHA)
Source of classification or shelving scheme Dewey Decimal Classification
Koha item type Books
Holdings
Date last seen Total checkouts Full call number Barcode Cost, replacement price Price effective from Koha item type Lost status Source of classification or shelving scheme Damaged status Not for loan Withdrawn status Home library Current library Shelving location Date acquired Cost, normal purchase price
07/02/2025   658 ARA DOM0003099 255000.00 07/02/2025 Books   Dewey Decimal Classification       CBE Dodoma CBE Dodoma General Collection 07/01/2009 85000.00